| 000 | 00509nam a22001817a 4500 | ||
|---|---|---|---|
| 003 | CEME | ||
| 005 | 20210628205315.0 | ||
| 008 | 210309b xxu||||| |||| 00| 0 eng d | ||
| 020 | _a0-8247-0098-8 | ||
| 040 | _c. | ||
| 082 | _a621.319 WIL'P | ||
| 100 |
_aWillis, H. Lee _974863 |
||
| 245 | _aPower distribution planning reference handbook | ||
| 260 |
_aNEWYORK _bMARCEL DEKKER _c1997 |
||
| 300 | _aXIV, 812P | ||
| 650 |
_aELECTRIC POWER DISTRIBUTION LANNING HANDBOOK MANUAL ETC _974864 |
||
| 942 |
_cBK _2ddc |
||
| 999 |
_c580366 _d580366 |
||